Bandwagon Quiz - Houston Astros - Statistics

General Stats
  • This quiz has been taken 63 times
  • The average score is 16 of 20
Answer Stats
Hint Answer % Correct
How many World Series titles do the Astros have? 2
98%
Who is the only Astro to win MVP as a member of the American League? Jose Altuve
96%
The Astros' 2017 World Series was called into question because they were caught stealing what? Signs
94%
The "Silver Boot Series" is a rivalry between the Astros and what other team? Texas Rangers
92%
Who leads the Astros in all-time home runs? Jeff Bagwell
90%
What ballpark do the Astros play in? Minute Maid Park
86%
Who is the Astros' all-time hits leader? Craig Biggio
84%
Who is the current manager of the Astros? Joe Espada
82%
Who is the only player to win the Cy Young award as an Astro twice? Justin Verlander
82%
Who is the Astros' all-time strikeouts leader? Nolan Ryan
82%
What ballpark did the Astros play in from 1965 to 1999? Astrodome
80%
The team is called the "Astros" because of what organization's nearby Johnson Space Center? NASA
80%
What is the name of the Astros' mascot? Orbit
76%
The Astros' alleged cheating in 2017 involved them banging on what? Trash Cans
73%
When the Astros were first created, they had what gun-inspired name? Colt .45's
69%
Who was the Astros' World Series MVP in 2017? George Springer
69%
The 2017 Astros won the World Series in the wake of what disaster that hit the Houston area? Hurricane Harvey
63%
What is the name of the Astros' Triple-A affiliate? Sugar Land Space Cowboys
61%
The early 2000's Astros hitters were called what because of their alliterative last names? Killer B's
55%
What did Astros fans call the hill that used to be in center field? Tal's Hill
41%
No matching quizzes found
Score Distribution
Percent of People with Each Score
Percentile by Number Answered
Your Score History
You have not taken this quiz